Korelácie medzi politikmi a stranami
Skúmanie korelácie medzi politikmi, stranami a medzi politikmi a stranami pomocou indikátorových premenných jednotlivých politikov a strán. Pearsonov korelačný koeficient. Dendogram.
Salvato in:
| Autore principale: | |
|---|---|
| Natura: | Capitolo di libro |
| Lingua: | slovacco |
| Soggetti: | |
| Tags: |
Nessun Tag, puoi essere il primo ad aggiungerne!!
|
MARC
| LEADER | 00000naa$a2200000$$$4500 | ||
|---|---|---|---|
| 001 | 0090221 | ||
| 005 | 20220315124350.8 | ||
| 041 | 0 | |a slo | |
| 044 | |a SK | ||
| 245 | 1 | 0 | |a Korelácie medzi politikmi a stranami |c Ján Luha |
| 520 | |a Skúmanie korelácie medzi politikmi, stranami a medzi politikmi a stranami pomocou indikátorových premenných jednotlivých politikov a strán. Pearsonov korelačný koeficient. Dendogram. | ||
| 610 | 2 | 0 | |a dotazníky |
| 610 | 2 | 0 | |a strany politické |
| 610 | 2 | 0 | |a politika |
| 610 | 2 | 0 | |a mienka verejná |
| 610 | 2 | 0 | |a korelácia |
| 610 | 2 | 0 | |a koeficient korelácie |
| 610 | 2 | 0 | |a analýza regresná |
| 610 | 2 | 0 | |a modely regresné |
| 610 | 2 | 0 | |a analýza zhluková |
| 610 | 2 | 0 | |a tabuľky štatistické |
| 610 | 2 | 0 | |a štatistika aplikovaná |
| 610 | 2 | 0 | |a štatistika |
| 100 | 1 | |a Luha, Ján | |